Sports Quiz

Random Sports or Football Quiz

Ballon D'or Winners Quiz Stats

 Plays Quiz not verified by Sporcle

Score 0/59 Timer 12:00
0 Plays Today
Year Ballon D'or Winner % Correct
1997Ronaldo
97%
2002Ronaldo
97%
2008Cristiano Ronaldo
97%
2009Lionel Messi
97%
2010Lionel Messi
97%
2011Lionel Messi
97%
2012Lionel Messi
97%
2013Lionel Messi
97%
2014Cristiano Ronaldo
97%
2005Ronaldinho
89.4%
2007Kaka
87.9%
1998Zinedine Zidane
87.1%
2000Luis Figo
83.3%
2004Andriy Shevchenko
82.6%
1971Johan Cruyff
81.1%
1973Johan Cruyff
81.1%
1974Johan Cruyff
81.1%
1999Rivaldo
80.3%
2001Michael Owen
78%
2006Fabio Cannavaro
77.3%
1972Franz Beckenbauer
76.5%
1976Franz Beckenbauer
76.5%
1983Michel Platini
76.5%
1984Michel Platini
76.5%
1985Michel Platini
76.5%
1987Ruud Gullit
75.8%
2003Pavel Nedved
75.8%
1968George Best
75%
1995George Weah
75%
1994Hristo Stoichkov
72.7%
Year Ballon D'or Winner % Correct
1970Gerd Muller
69.7%
1990Lothar Matthaus
66.7%
1993Roberto Baggio
66.7%
1966Bobby Charlton
65.9%
1988Marco van Basten
64.4%
1989Marco van Basten
64.4%
1992Marco van Basten
64.4%
1982Paolo Rossi
62.1%
1965Eusebio
61.4%
1963Lev Yashin
58.3%
1978Kevin Keegan
56.1%
1979Kevin Keegan
56.1%
1991Jean-Pierre Papin
54.5%
1956Stanley Matthews
53%
1996Matthias Sammer
48.5%
1980Karl-Heinz Rummenigge
43.9%
1981Karl-Heinz Rummenigge
43.9%
1964Denis Law
42.4%
1957Alfredo Di Stefano
34.8%
1959Alfredo Di Stefano
34.8%
1958Raymond Kopa
33.3%
1975Oleg Blokhin
33.3%
1960Luis Suarez
32.6%
1969Gianni Rivera
31.8%
1977Allan Simonsen
31.8%
1986Igor Belanov
26.5%
1962Josef Masopust
23.5%
1961Omar Sivori
20.5%
1967Florian Albert
20.5%

You're not logged in!

Compare scores with friends on all Sporcle quizzes.
OR
Log In

Sporcle TV

Today on Sporcle TV


Watch our educational content, quiz creation guides, and fun videos on Sporcle TV.

Show Comments

Extras

Top Quizzes Today


Score Distribution

Your Account Isn't Verified!

In order to create a playlist on Sporcle, you need to verify the email address you used during registration. Go to your Sporcle Settings to finish the process.

Report this User

Report this user for behavior that violates our Community Guidelines.

Details: